000 00770nam a22002177a 4500
010 _aB-144534
020 _c250.00
035 _aB-144534
037 _aCen Lib/Ret
040 _aDPL
_bHN
082 _a370.113
_bअर्यापी
100 _aआर्य, पी. के.
_973
245 _aप्रतियोगी परीक्षाये /
_cपी. के आर्य
246 _aPartiyogi parikchyen /
_bby P. K. Arya
260 _aजयपुर
_bअनु प्रकाशन
_c2005
270 _aअनु प्रकाशन
_bजयपुर
300 _a219p ;
_b24cm(Hb)
650 _aEducaiton guide
_9115762
650 _aExamination guide
_9134616
942 _2ddc
_cHN
_h370.113
_mअर्यापी
999 _c121934
_d121934